00658nam a2200169 i 450000100060000000300090000600500170001500700030003200800410003510000590007624500960013526000590023130000270029085200320031799900170034995201220036669712ES-MaACL20230906170605.0t|040709s1970 sp ||||1| spa d1 aGarcía y García de la Torre, José Manuel.95543810aProblemática sociobiológica de la juventud / cJosé Manuel G. y García de la Torre. aBarcelona, etc. : bEd. Científico-Médica, c1970. aXVI, 264 p. ; c22 cm. aES-MaACLjC-39104 bR.75754 c69712d69712 00104070aATENEOMbATENEOMcDEPO2d2008-01-17eSCl0oC-39104p1072997r2023-02-23 00:00:00w2023-02-23yMONOGRAFIA